| 000 | 01171cam a2200313 a 4500 | ||
|---|---|---|---|
| 001 | 15140589 | ||
| 005 | 20241220122010.0 | ||
| 008 | 080114s2008 nyub c 000 1 eng | ||
| 010 | _a 2007047929 | ||
| 020 | _a9780375855726 (pbk.) | ||
| 040 |
_aDLC _cDLC _dDLC _erda |
||
| 050 | 0 | 0 |
_aPZ7.D927 _bDic 2008 |
| 082 | 0 | 0 |
_a[Fic] _222 |
| 092 | _aDUPRAU | ||
| 100 | 1 |
_aDuPrau, Jeanne. _913728 |
|
| 245 | 1 | 4 |
_aThe diamond of Darkhold / _cJeanne DuPrau. |
| 250 | _a1st ed. | ||
| 260 |
_aNew York : _bRandom House Children's Books, _cc2008. |
||
| 264 |
_aNew York : _bRandom House Children's Books, _cc2008. |
||
| 300 |
_a285 p. : _bmap ; _c22 cm. |
||
| 520 | _aWhen a roamer trades them an ancient book with only a few pages remaining, Lina and Doon return to Ember to seek the machine the book seems to describe in hopes that it will get their new community, Sparks, through the winter. | ||
| 650 | 1 |
_aFantasy. _96183313 |
|
| 906 |
_a7 _bcbc _corignew _d1 _eecip _f20 _gy-gencatlg |
||
| 942 |
_cBOOK _2ddc |
||
| 999 |
_c53956 _d53956 |
||